[Event "4NCL Online Division 4"]
[Site "online"]
[Date "2020.09.22"]
[Round "3.71"]
[White "Arora, Tashika"]
[Black "Dunlop, Anthony"]
[Result "1-0"]
[WhiteElo "1855"]
[BlackElo "1784"]
[PlyCount "79"]
[EventDate "2020.09.22"]
[WhiteTeam "Oxford 3"]
[BlackTeam "East Kilbride Strollers"]

1. d4 d5 2. Nf3 Bf5 3. c4 dxc4 4. Bf4 c6 5. a4 b5 6. g3 Nd7 7. Bg2 Rc8 8. axb5
cxb5 9. Rxa7 Qb6 10. Ra1 e6 11. O-O h6 12. Nc3 b4 13. Na4 Qb5 14. Nd2 c3 15. e4
c2 16. Qc1 Bg6 17. b3 Ngf6 18. Qb2 Qd3 19. Rfe1 Be7 20. Bf1 Qxd2 21. Bxd2 Nxe4
22. Bf4 Bf6 23. Bd3 Nc3 24. Qxc2 Bxd3 25. Qxd3 O-O 26. Bd2 Nd5 27. Rac1 Rb8 28.
Nc5 Nxc5 29. dxc5 Nc3 30. Bxc3 bxc3 31. Qc4 Rfc8 32. b4 Rd8 33. b5 Rd4 34. Qb3
Rd5 35. Qc4 Rd4 36. Qxc3 Rxb5 37. c6 Rd8 38. Qc4 Rbd5 39. c7 Rc8 40. Qa6 1-0

[Event "4NCL Online Division 4"]
[Site "online"]
[Date "2020.09.22"]
[Round "3.72"]
[White "Madhavan, Sanjith"]
[Black "Evans, Christopher J"]
[Result "0-1"]
[WhiteElo "1498"]
[BlackElo "1847"]
[PlyCount "126"]
[EventDate "2020.09.22"]
[WhiteTeam "East Kilbride Strollers"]
[BlackTeam "Oxford 3"]

1. e4 c5 2. Nf3 d6 3. d4 cxd4 4. Nxd4 Nf6 5. Nc3 a6 6. g3 e5 7. Nde2 Be7 8. Bg2
Nbd7 9. O-O b5 10. a3 Bb7 11. h3 h5 12. Be3 Rc8 13. Qd2 Nc5 14. Bxc5 Rxc5 15.
Rad1 Qc7 16. f4 Rc4 17. Qd3 b4 18. axb4 Rxb4 19. b3 O-O 20. Kh2 Rc8 21. Rd2 h4
22. Nd5 hxg3+ 23. Qxg3 Nxd5 24. exd5 Bf6 25. Kh1 exf4 26. Nxf4 Be5 27. Qe3 Qc3
28. Qxc3 Rxc3 29. Nd3 Rd4 30. Rff2 Bf6 31. Nf4 Rxd2 32. Rxd2 Bg5 33. Rf2 Bxf4
34. Rxf4 Rxc2 35. Rb4 Rc7 36. Rb6 Rd7 37. Bf1 Bxd5+ 38. Kh2 Bb7 39. Bxa6 Bxa6
40. Rxa6 Rb7 41. Rxd6 Rxb3 42. Kg2 g6 43. Rc6 Kg7 44. Rd6 f5 45. Ra6 Kh6 46.
Rc6 Kh5 47. Rc8 f4 48. Rc5+ g5 49. Rc8 Rg3+ 50. Kh2 Kg6 51. Rc5 Kf6 52. Rb5 Re3
53. Kg2 Rc3 54. Ra5 Re3 55. Rb5 Re5 56. Rb2 Kf5 57. Rb4 Rc5 58. Ra4 Rc2+ 59.
Kf3 Rc3+ 60. Kg2 Rg3+ 61. Kh2 Ke5 62. Ra5+ Kd4 63. Rxg5 Rxg5 0-1

[Event "4NCL Online Division 4"]
[Site "online"]
[Date "2020.09.22"]
[Round "3.73"]
[White "Hobson, Kenneth"]
[Black "Peakman, Jonlee"]
[Result "1/2-1/2"]
[WhiteElo "1840"]
[BlackElo "1261"]
[PlyCount "164"]
[EventDate "2020.09.22"]
[WhiteTeam "Oxford 3"]
[BlackTeam "East Kilbride Strollers"]

1. e4 c5 2. d4 cxd4 3. c3 dxc3 4. Nxc3 e6 5. Nf3 Nc6 6. Bc4 Bb4 7. O-O Nge7 8.
Qe2 O-O 9. Rd1 Ng6 10. a3 Be7 11. b4 a6 12. Be3 b5 13. Bb3 Bb7 14. Rac1 Rc8 15.
Nd4 Nce5 16. f4 Nc4 17. Bxc4 bxc4 18. f5 Ne5 19. fxe6 Nd3 20. exd7 Nxc1 21.
Bxc1 Qxd7 22. Nf5 Qe6 23. Bb2 Rfd8 24. Qg4 Rxd1+ 25. Nxd1 Bf6 26. Nc3 Rd8 27.
Qg3 Rd3 28. Qb8+ Bc8 29. Nd5 Rxd5 30. Bxf6 gxf6 31. Qg3+ Kf8 32. exd5 Qxf5 33.
Qd6+ Kg7 34. Qc5 Bb7 35. Qxc4 Qxd5 36. Qe2 Qe5 37. Qd1 Qg5 38. Qe2 Qc1+ 39. Kf2
Qxa3 40. Qd2 Bc6 41. h4 Bb5 42. h5 h6 43. Kg1 Qd3 44. Qe1 Qd4+ 45. Kh1 Qg4 46.
Kg1 Qxh5 47. Qg3+ Qg5 48. Qc7 Qe3+ 49. Kh1 Qe1+ 50. Kh2 Qxb4 51. Qg3+ Kh7 52.
Qf2 Qg4 53. Qxf6 Qg6 54. Qc3 Qd6+ 55. Kh1 Bc6 56. Qc2+ Kg8 57. Kg1 Qd4+ 58. Kh1
Qe4 59. Qd2 Qxg2+ 60. Qxg2+ Bxg2+ 61. Kh2 Bc6 62. Kg3 a5 63. Kf4 a4 64. Ke3 a3
65. Kd4 a2 66. Ke3 a1=Q 67. Kf4 Qf6+ 68. Kg4 Bf3+ 69. Kg3 h5 70. Kh3 Qf5+ 71.
Kh2 Qc2+ 72. Kg3 Qg2+ 73. Kf4 h4 74. Ke3 h3 75. Kf4 h2 76. Kf5 h1=Q 77. Kf4 Ba8
78. Ke5 Qhf1 79. Kd4 Qge2 80. Kc3 Qfd1 81. Kb4 Qec2 82. Ka3 Qdb1 1/2-1/2

[Event "4NCL Online Division 4"]
[Site "online"]
[Date "2020.09.22"]
[Round "3.74"]
[White "Tandon, Ashley"]
[Black "Cole, Graham"]
[Result "0-1"]
[WhiteElo "911"]
[BlackElo "1818"]
[PlyCount "66"]
[EventDate "2020.09.22"]
[WhiteTeam "East Kilbride Strollers"]
[BlackTeam "Oxford 3"]

1. d4 Nf6 2. c4 g6 3. Nc3 Bg7 4. e4 d6 5. f3 O-O 6. Be3 c5 7. d5 e6 8. Qd2 exd5
9. cxd5 a6 10. a4 Nbd7 11. Nge2 Ne5 12. Ng3 h5 13. O-O-O h4 14. Nge2 Nc4 15.
Qd3 Nxe3 16. Qxe3 Bd7 17. Nf4 Bh6 18. g3 Nh5 19. Kb1 Qg5 20. Qf2 Nxf4 21. gxh4
Qe5 22. Be2 Rab8 23. a5 b5 24. Qe1 Rfc8 25. Qf2 Bg7 26. Bf1 b4 27. Na2 c4 28.
Qd2 c3 29. Qc2 b3 30. Qc1 bxa2+ 31. Kxa2 cxb2 32. Qb1 Qc3 33. Bxa6 Qb3# 0-1

[Event "4NCL Online Division 4"]
[Site "online"]
[Date "2020.09.22"]
[Round "3.81"]
[White "Hooker, Steve"]
[Black "Rizvi, Nasir"]
[Result "1-0"]
[WhiteElo "1960"]
[BlackElo "1989"]
[PlyCount "93"]
[EventDate "2020.09.22"]
[WhiteTeam "Dorking Casuals"]
[BlackTeam "4 Gems"]

1. e4 c5 2. Nc3 Nc6 3. Nf3 d6 4. d4 cxd4 5. Nxd4 Nf6 6. Be3 g6 7. f3 Bg7 8. Qd2
O-O 9. O-O-O Bd7 10. h4 Rc8 11. h5 Ne5 12. hxg6 fxg6 13. Bh6 Bxh6 14. Qxh6 Rxc3
15. bxc3 Qa5 16. f4 Neg4 17. Bc4+ d5 18. Bxd5+ Qxd5 19. exd5 Nxh6 20. Rxh6 Nh5
21. Re1 Rf7 22. Kd2 Nxf4 23. Rf1 Nxg2 24. Rxf7 Kxf7 25. Rxh7+ Kf6 26. c4 Nf4
27. Ke3 g5 28. Nf3 b5 29. Rh6+ Kf5 30. Nd4+ Kg4 31. Nxb5 Nxd5+ 32. cxd5 Bxb5
33. Kd4 Kf3 34. c4 Bd7 35. Rh7 g4 36. Rxe7 Bf5 37. Rf7 Kf4 38. Rg7 g3 39. Rxg3
Kxg3 40. Ke5 Bg4 41. c5 Kf3 42. c6 Ke3 43. d6 Kd3 44. d7 Bxd7 45. cxd7 Kc2 46.
d8=Q Kb2 47. Qa5 1-0

[Event "4NCL Online Division 4"]
[Site "online"]
[Date "2020.09.22"]
[Round "3.82"]
[White "Damodaran, Patrick"]
[Black "Herman, Thomas"]
[Result "0-1"]
[WhiteElo "1498"]
[BlackElo "1847"]
[PlyCount "144"]
[EventDate "2020.09.22"]
[WhiteTeam "4 Gems"]
[BlackTeam "Dorking Casuals"]

1. d4 Nf6 2. c4 e6 3. Nc3 Bb4 4. Qc2 c5 5. e3 O-O 6. Bd3 Nc6 7. Nf3 d5 8. cxd5
exd5 9. a3 cxd4 10. axb4 Nxb4 11. Bxh7+ Nxh7 12. Qb3 Nd3+ 13. Kd2 Nxf2 14. Nxd5
Nxh1 15. Ke2 Be6 16. e4 Bxd5 17. exd5 Nf6 18. Bg5 Qxd5 19. Qxd5 Nxd5 20. Rxh1
Rfe8+ 21. Kd3 f6 22. Bd2 Rad8 23. Nxd4 Nc7 24. Rc1 Ne6 25. Be3 Re7 26. Rc4 Red7
27. Kc3 Nxd4 28. Bxd4 b6 29. b4 Kf7 30. b5 Rd5 31. Ra4 R8d7 32. Rb4 Rg5 33. g3
Rf5 34. Rb2 Rfd5 35. Rb4 Ke6 36. g4 g6 37. Kd3 f5 38. g5 Rh7 39. Ke3 Rxh2 40.
Bf6 Rh3+ 41. Ke2 Kd6 42. Rb1 Kc5 43. Be7+ Kc4 44. Rb4+ Kc3 45. Ra4 Re5+ 46. Kf2
Rxe7 47. Ra3+ Kc4 48. Rxh3 Kxb5 49. Rh6 Re6 50. Kf3 a5 51. Rh1 a4 52. Rb1+ Ka5
53. Rd1 b5 54. Rd8 a3 55. Ra8+ Kb4 56. Rd8 Kc3 57. Ra8 b4 58. Rc8+ Kb2 59. Rd8
a2 60. Rd2+ Ka3 61. Rd3+ b3 62. Rd1 Rc6 63. Ke3 Kb2 64. Rd3 a1=Q 65. Rd2+ Kc1
66. Rh2 Qe5+ 67. Kf3 Rc3+ 68. Kg2 Qg3+ 69. Kh1 Qe1+ 70. Kg2 Rc2+ 71. Kh3 Qe3+
72. Kh4 Rxh2# 0-1

[Event "4NCL Online Division 4"]
[Site "online"]
[Date "2020.09.22"]
[Round "3.83"]
[White "Collins, Anthony S"]
[Black "Whelan, Joseph"]
[Result "1-0"]
[WhiteElo "1716"]
[BlackElo "1358"]
[PlyCount "91"]
[EventDate "2020.09.22"]
[WhiteTeam "Dorking Casuals"]
[BlackTeam "4 Gems"]

1. e4 c5 2. f4 e5 3. d3 Nc6 4. Nf3 d6 5. fxe5 dxe5 6. Be2 Nf6 7. Bg5 Be7 8. O-O
O-O 9. Kh1 h6 10. Bh4 Be6 11. Nbd2 Ng4 12. Bf2 Bg5 13. Nxg5 Nxf2+ 14. Rxf2 Qxg5
15. Nf3 Qe7 16. Qd2 Rad8 17. Qc3 Bg4 18. Rg1 Bxf3 19. Bxf3 Nd4 20. Bd1 b5 21.
Qe1 Rd6 22. a3 Rb6 23. c3 Ne6 24. Bb3 a6 25. Rf5 Nf4 26. Qe3 Ng6 27. d4 cxd4
28. cxd4 exd4 29. Qxd4 Qd6 30. Rd5 Qf6 31. e5 Qc6 32. Rd6 Qc7 33. Qxb6 Qxb6 34.
Rxb6 Nxe5 35. Rxa6 Nd3 36. Rf1 Nc5 37. Bxf7+ Rxf7 38. Ra8+ Kh7 39. Rxf7 Ne6 40.
Re7 Nd4 41. Raa7 Nc6 42. Rxg7+ Kh8 43. Rh7+ Kg8 44. Rag7+ Kf8 45. Rc7 Nb4 46.
Rc8# 1-0

[Event "4NCL Online Division 4"]
[Site "online"]
[Date "2020.09.22"]
[Round "3.84"]
[White "Gogia, Abeer"]
[Black "Davies, Will"]
[Result "1-0"]
[WhiteElo "1324"]
[BlackElo "1547"]
[PlyCount "101"]
[EventDate "2020.09.22"]
[WhiteTeam "4 Gems"]
[BlackTeam "Dorking Casuals"]

1. e4 c5 2. Nc3 d6 3. f4 Nc6 4. Bb5 a6 5. Bxc6+ bxc6 6. Nf3 Nf6 7. d3 g6 8. O-O
Bg7 9. Qe1 O-O 10. Bd2 Qb6 11. Rb1 Bd7 12. Kh1 Kh8 13. Qh4 Ng8 14. Ng5 h6 15.
Nf3 f5 16. exf5 gxf5 17. Rfe1 Bf6 18. Qh5 Be8 19. Qh3 Bg6 20. Nh4 Bxh4 21. Qxh4
Rae8 22. Ne2 Kh7 23. Ng3 Nf6 24. h3 c4 25. Be3 Qa5 26. a3 cxd3 27. cxd3 Qb5 28.
Red1 e5 29. fxe5 Ng8 30. d4 dxe5 31. dxe5 Qb7 32. Bf4 Qe7 33. Qxe7+ Nxe7 34.
Rd6 Rd8 35. Rbd1 Rxd6 36. Rxd6 Bf7 37. Rxh6+ Kg7 38. Rf6 Rd8 39. Nxf5+ Nxf5 40.
Rxf5 Be6 41. Rf6 Bd5 42. Bh6+ Kh7 43. Bg5 Rg8 44. h4 Kg7 45. e6 Rf8 46. Rxf8
Kxf8 47. e7+ Ke8 48. h5 Bf7 49. h6 Bg6 50. g4 Kf7 51. Kg2 1-0

[Event "4NCL Online Division 4"]
[Site "online"]
[Date "2020.09.22"]
[Round "3.91"]
[White "Allison, Conrad"]
[Black "Borman, Philip"]
[Result "0-1"]
[WhiteElo "1837"]
[BlackElo "2190"]
[PlyCount "38"]
[EventDate "2020.09.22"]
[WhiteTeam "Kent KJCA Kestrels D"]
[BlackTeam "Hertford 1"]

1. e4 c6 2. c4 d5 3. cxd5 cxd5 4. exd5 Nf6 5. Qa4+ Nbd7 6. Nc3 g6 7. Nf3 Bg7 8.
Bc4 O-O 9. d3 a6 10. O-O b5 11. Bxb5 Nb6 12. Qh4 axb5 13. Bh6 Nbxd5 14. Ne4 Bf5
15. Rfe1 Qb6 16. Nfg5 Rac8 17. Re3 Nxe3 18. Bxg7 Kxg7 19. Nxf6 h6 0-1

[Event "4NCL Online Division 4"]
[Site "online"]
[Date "2020.09.22"]
[Round "3.92"]
[White "Cheal, Barry A"]
[Black "Cook, John"]
[Result "1-0"]
[WhiteElo "2193"]
[BlackElo "1815"]
[PlyCount "49"]
[EventDate "2020.09.22"]
[WhiteTeam "Hertford 1"]
[BlackTeam "Kent KJCA Kestrels D"]

1. d4 Nf6 2. c4 g6 3. Nc3 d5 4. cxd5 Nxd5 5. e4 Nxc3 6. bxc3 Bg7 7. Nf3 O-O 8.
Be3 c5 9. h3 Nc6 10. Be2 Qa5 11. O-O Rd8 12. Qd3 a6 13. Rfd1 cxd4 14. cxd4 b5
15. Rac1 Bb7 16. Qb3 e6 17. a3 h6 18. d5 exd5 19. exd5 Ne7 20. d6 Nf5 21. Bc5
Rd7 22. g4 Nxd6 23. Rxd6 Rxd6 24. Bxd6 Rd8 25. Bc7 1-0

[Event "4NCL Online Division 4"]
[Site "online"]
[Date "2020.09.22"]
[Round "3.93"]
[White "Moore, Eoin"]
[Black "Capes, Ian"]
[Result "1/2-1/2"]
[WhiteElo "1742"]
[BlackElo "1922"]
[PlyCount "149"]
[EventDate "2020.09.22"]
[WhiteTeam "Kent KJCA Kestrels D"]
[BlackTeam "Hertford 1"]

1. d4 f5 2. g3 Nf6 3. Bg2 g6 4. Nf3 d6 5. O-O Bg7 6. c4 O-O 7. Nc3 Qe8 8. Ng5
Na6 9. Bf4 h6 10. Nf3 c5 11. d5 Nc7 12. h4 Nh5 13. Bd2 f4 14. Kh2 fxg3+ 15.
fxg3 Nf6 16. e4 Ng4+ 17. Kg1 b5 18. Qe2 bxc4 19. Rae1 Kh7 20. Bh3 Rb8 21. Bc1
Ne5 22. Bxc8 Qxc8 23. Nxe5 Bxe5 24. Rxf8 Qxf8 25. Rf1 Qg7 26. Rf3 Nb5 27. Nxb5
Rxb5 28. Qxc4 Rb4 29. Qf1 Kg8 30. b3 Rxe4 31. Be3 Bd4 32. Bxd4 Qxd4+ 33. Kh2
Qg7 34. Qh3 Qb2+ 35. Kg1 Re1+ 36. Rf1 Qd4+ 37. Kh2 Qd2+ 38. Kg1 Qe3+ 39. Kh1
Qe4+ 40. Kg1 Qd4+ 41. Kh1 Qxd5+ 42. Kg1 Qd4+ 43. Kh1 Qe4+ 44. Kg1 Qe3+ 45. Kh1
Rxf1+ 46. Qxf1 Qxg3 47. Qc4+ Kg7 48. Qe4 Qe5 49. Qc2 g5 50. h5 Qf6 51. Qe2 Qf5
52. Qxe7+ Qf7 53. Qe2 d5 54. Qe5+ Kh7 55. Qe2 d4 56. Qc2+ Kg7 57. Qxc5 Qxh5+
58. Kg2 Qe2+ 59. Kg3 Qe3+ 60. Kg2 Kg6 61. Qd6+ Kh5 62. Qh2+ Kg6 63. Qd6+ Kf5
64. Qxh6 Kg4 65. Qd6 Qf3+ 66. Kg1 Qf4 67. Qe6+ Kg3 68. Qe1+ Kh3 69. Qe2 g4 70.
Qg2+ Kh4 71. Qh1+ Kg5 72. Qd5+ Kh4 73. Qh1+ Kg5 74. Qd5+ Kh4 75. Qh1+ 1/2-1/2

[Event "4NCL Online Division 4"]
[Site "online"]
[Date "2020.09.22"]
[Round "3.94"]
[White "Morris, Simon P"]
[Black "Dorman, Orla"]
[Result "1-0"]
[WhiteElo "1915"]
[BlackElo "1757"]
[PlyCount "65"]
[EventDate "2020.09.22"]
[WhiteTeam "Hertford 1"]
[BlackTeam "Kent KJCA Kestrels D"]

1. e4 e6 2. Nf3 d5 3. Nc3 Nf6 4. e5 Nfd7 5. d4 c5 6. Bg5 Qb6 7. dxc5 Bxc5 8.
Qd2 Qxb2 9. Rb1 Qa3 10. Nb5 Na6 11. Nxa3 Bxa3 12. Bb5 O-O 13. Bxd7 Bxd7 14.
Rxb7 Ba4 15. O-O Nc5 16. Rbb1 Rfb8 17. Qc3 Ne4 18. Qxa3 Bxc2 19. Rxb8+ Rxb8 20.
Qxa7 Re8 21. Qa6 Nxg5 22. Nxg5 h6 23. Qc6 Kf8 24. Qxc2 hxg5 25. Qc5+ Kg8 26. a4
f6 27. Re1 Kf7 28. a5 Kg6 29. a6 fxe5 30. Rxe5 Rb8 31. Rxe6+ Kh5 32. g3 Kg4 33.
Kg2 1-0

[Event "4NCL Online Division 4"]
[Site "online"]
[Date "2020.09.22"]
[Round "3.101"]
[White "Rossiter, Alex"]
[Black "Alexander, Ryan"]
[Result "1-0"]
[WhiteElo "1967"]
[BlackElo "1405"]
[PlyCount "75"]
[EventDate "2020.09.22"]
[WhiteTeam "Bristol Cabot Blackbeards"]
[BlackTeam "Warwickshire Bears C"]

1. e4 e5 2. Nf3 Nc6 3. d4 exd4 4. Bc4 Nf6 5. O-O Bc5 6. e5 Ng4 7. Bg5 Be7 8.
Bxe7 Qxe7 9. Nxd4 O-O 10. Qxg4 d5 11. exd6 Bxg4 12. dxe7 Rfe8 13. Nxc6 bxc6 14.
Re1 a5 15. Nc3 Bf5 16. Re2 Ra7 17. Rae1 g6 18. Bb3 Kg7 19. Ba4 Bg4 20. f3 Be6
21. Bxc6 Rxe7 22. Bd5 Kf6 23. Ne4+ Kf5 24. Kf2 Bxd5 25. Ng3+ Kf6 26. Rxe7 Bxa2
27. b3 a4 28. bxa4 Rxa4 29. Rxc7 Be6 30. Ne4+ Kg7 31. Nc5 Ra2 32. Nxe6+ Kf6 33.
Nd4 Kg5 34. Rxf7 h5 35. g3 Kh6 36. Ree7 Kg5 37. h4+ Kh6 38. Rh7# 1-0

[Event "4NCL Online Division 4"]
[Site "online"]
[Date "2020.09.22"]
[Round "3.102"]
[White "Purushothaman, Amitesh"]
[Black "Harris, Michael T"]
[Result "0-1"]
[WhiteElo "1352"]
[BlackElo "1917"]
[PlyCount "60"]
[EventDate "2020.09.22"]
[WhiteTeam "Warwickshire Bears C"]
[BlackTeam "Bristol Cabot Blackbeards"]

1. d4 Nf6 2. c4 e6 3. Nc3 c5 4. d5 exd5 5. cxd5 d6 6. Bg5 g6 7. e4 Bg7 8. Bd3
O-O 9. Nge2 Re8 10. O-O h6 11. Bh4 a6 12. Qc2 b5 13. a3 c4 14. Bxc4 bxc4 15.
Qd2 Nbd7 16. h3 Nc5 17. Qc2 Qb6 18. Bxf6 Bxf6 19. Na4 Qb3 20. Qxb3 Nxb3 21. Ra2
Rxe4 22. Ng3 Rd4 23. Kh2 Bb7 24. Ne2 Rxd5 25. Nb6 Rg5 26. g3 Re8 27. Nf4 Nd2
28. h4 Rb5 29. Nd7 Nxf1+ 30. Kg1 Bxb2 0-1

[Event "4NCL Online Division 4"]
[Site "online"]
[Date "2020.09.22"]
[Round "3.103"]
[White "Roberts, Mike"]
[Black "Xia, Weiquan"]
[Result "1-0"]
[WhiteElo "1495"]
[BlackElo "1390"]
[PlyCount "88"]
[EventDate "2020.09.22"]
[WhiteTeam "Bristol Cabot Blackbeards"]
[BlackTeam "Warwickshire Bears C"]

1. d4 Nc6 2. Bf4 d5 3. h3 Nf6 4. Nf3 Bf5 5. e3 e6 6. Nbd2 Bd6 7. Ne5 Bxe5 8.
dxe5 Nd7 9. Bb5 O-O 10. Bxc6 bxc6 11. O-O Rb8 12. b3 Qe7 13. Qf3 Bxc2 14. Rfc1
Bf5 15. Rxc6 Rb6 16. Rxc7 a6 17. Qg3 Kh8 18. a3 Qd8 19. Rac1 Rb8 20. b4 Nb6 21.
R7c6 Nc4 22. Nxc4 dxc4 23. R6xc4 Qd7 24. e4 Bg6 25. Be3 Rbc8 26. Bc5 Rfd8 27.
Qe3 Qb5 28. Qc3 Qd7 29. Bd6 Rxc4 30. Qxc4 h6 31. Qxa6 Bxe4 32. Rc7 Qe8 33. Qa7
Ra8 34. Qd4 Bd5 35. Qf4 Kg8 36. b5 Ra5 37. b6 Ra4 38. Qg3 Rd4 39. b7 Bxb7 40.
Rxb7 Rc4 41. Qf3 Rc1+ 42. Kh2 Rc4 43. Qb3 Rf4 44. Rb8 Qxb8 1-0

[Event "4NCL Online Division 4"]
[Site "online"]
[Date "2020.09.22"]
[Round "3.104"]
[White "Vaidyanathan, Sathya"]
[Black "Saha, Soumil"]
[Result "1-0"]
[WhiteElo "1127"]
[BlackElo "1060"]
[PlyCount "45"]
[EventDate "2020.09.22"]
[WhiteTeam "Warwickshire Bears C"]
[BlackTeam "Bristol Cabot Blackbeards"]

1. e4 e5 2. Nf3 Nc6 3. Bc4 Bc5 4. c3 h6 5. d4 exd4 6. cxd4 Bb4+ 7. Bd2 Qf6 8.
Bxb4 Nxb4 9. e5 Qc6 10. Qb3 Na6 11. Bxf7+ Kd8 12. Bxg8 Qc1+ 13. Qd1 Qxb2 14.
Nbd2 Rxg8 15. Nc4 Qc3+ 16. Ncd2 d6 17. exd6 Bg4 18. dxc7+ Nxc7 19. Rc1 Qb4 20.
O-O Kd7 21. Ne5+ Kd8 22. Qxg4 Qxd2 23. Qd7# 1-0

[Event "4NCL Online Division 4"]
[Site "online"]
[Date "2020.09.22"]
[Round "3.111"]
[White "Parry, Samuel"]
[Black "Brown, Geoffrey D"]
[Result "1/2-1/2"]
[WhiteElo "1982"]
[BlackElo "1726"]
[PlyCount "49"]
[EventDate "2020.09.22"]
[WhiteTeam "Manchester Juniors A"]
[BlackTeam "Darnall & Handsworth"]

1. d4 c5 2. e4 cxd4 3. c3 g6 4. cxd4 d5 5. e5 Bg7 6. Nc3 Nh6 7. Qa4+ Nc6 8. Nf3
O-O 9. b4 Bg4 10. b5 Bxf3 11. bxc6 Bg4 12. cxb7 Rb8 13. Qb3 Be6 14. Ba3 Qc7 15.
Rb1 Rxb7 16. Nb5 Qc6 17. Rc1 Qd7 18. Qe3 Nf5 19. Qd2 Rxb5 20. Bxb5 Qxb5 21. Bc5
a5 22. Qe2 Qa4 23. Qc2 Qb5 24. Qe2 Qa4 25. Qc2 1/2-1/2

[Event "4NCL Online Division 4"]
[Site "online"]
[Date "2020.09.22"]
[Round "3.113"]
[White "Jayawarna, Tarini"]
[Black "Chatterton, Craig"]
[Result "0-1"]
[WhiteElo "1712"]
[BlackElo "1570"]
[PlyCount "168"]
[EventDate "2020.09.22"]
[WhiteTeam "Manchester Juniors A"]
[BlackTeam "Darnall & Handsworth"]

1. e4 c5 2. Nf3 d6 3. d4 cxd4 4. Nxd4 Nc6 5. Nc3 Nf6 6. Be3 g6 7. f3 Bg7 8. Qd2
O-O 9. O-O-O Bd7 10. g4 Rc8 11. h4 Ne5 12. h5 Nexg4 13. fxg4 Bxg4 14. Be2 Bxe2
15. Qxe2 Qa5 16. hxg6 hxg6 17. Bh6 e6 18. Kb1 Qb6 19. Qe3 Ng4 20. Qd2 Nxh6 21.
Rxh6 Bxd4 22. Qxd4 Qxd4 23. Rxd4 Kg7 24. Rh3 Rc6 25. Rhd3 Rd8 26. Nb5 a6 27.
Nxd6 Rh8 28. c3 b5 29. e5 Rc5 30. Rf4 Rf8 31. Rdf3 Rxe5 32. Rxf7+ Rxf7 33.
Rxf7+ Kh6 34. Rf2 Kg7 35. Kc2 Rd5 36. Ne8+ Kh6 37. Nc7 Rf5 38. Rh2+ Rh5 39. Re2
e5 40. Nxa6 Rf5 41. Kd3 g5 42. Nc5 g4 43. Ne4 Rf3+ 44. Re3 Rf8 45. c4 bxc4+ 46.
Kxc4 Kg6 47. b4 Kf5 48. Nc3 Rc8+ 49. Kd3 Rd8+ 50. Ke2 Kf4 51. Ne4 Ra8 52. a3
Rc8 53. b5 Rc2+ 54. Kd3 Ra2 55. Nc3 Rxa3 56. Re4+ Kf5 57. b6 Rb3 58. Kc4 Rxb6
59. Nd5 Ra6 60. Re2 Ra4+ 61. Kd3 Rd4+ 62. Ke3 Rxd5 63. Rf2+ Ke6 64. Rf1 Rd8 65.
Rf2 Rg8 66. Rg2 Rg5 67. Ke4 g3 68. Kf3 Kf5 69. Rxg3 Rxg3+ 70. Kxg3 Ke4 71. Kf2
Kd3 72. Ke1 e4 73. Kd1 e3 74. Ke1 e2 75. Kf2 Kd2 76. Kg2 e1=Q 77. Kh2 Qe8 78.
Kg2 Ke2 79. Kg3 Qe5+ 80. Kg4 Qf6 81. Kg3 Ke3 82. Kg4 Qg6+ 83. Kh4 Kf4 84. Kh3
Qg3# 0-1

[Event "4NCL Online Division 4"]
[Site "online"]
[Date "2020.09.22"]
[Round "3.114"]
[White "Feather, Harry"]
[Black "Jayawarna, Thisumi"]
[Result "1/2-1/2"]
[WhiteElo "1562"]
[BlackElo "1705"]
[PlyCount "36"]
[EventDate "2020.09.22"]
[WhiteTeam "Darnall & Handsworth"]
[BlackTeam "Manchester Juniors A"]

1. f4 d5 2. Nf3 Nc6 3. e3 Bg4 4. Be2 Nf6 5. Nc3 g6 6. Ne5 Nxe5 7. fxe5 Bxe2 8.
Qxe2 Nd7 9. d4 c6 10. e4 dxe4 11. Nxe4 Bg7 12. O-O Qb6 13. Be3 Qc7 14. e6 fxe6
15. Ng5 Bf6 16. Nxe6 Qd6 17. Qg4 Rc8 18. Rae1 Qd5 1/2-1/2

[Event "4NCL Online Division 4"]
[Site "online"]
[Date "2020.09.22"]
[Round "3.121"]
[White "Maydew, Simon"]
[Black "Dasgupta, Avyukt"]
[Result "0-1"]
[WhiteElo "1765"]
[BlackElo "1757"]
[PlyCount "82"]
[EventDate "2020.09.22"]
[WhiteTeam "Shropshire 3"]
[BlackTeam "Watford Juniors A"]

1. d4 e6 2. Nf3 Nf6 3. e3 d5 4. Bd3 Bd6 5. O-O Nbd7 6. c4 c6 7. Nc3 O-O 8. e4
dxe4 9. Nxe4 Nxe4 10. Bxe4 Nf6 11. Bc2 Qe7 12. Re1 h6 13. a3 a5 14. Qd3 Rd8 15.
Bd2 Qc7 16. Bc3 Be7 17. Rad1 b6 18. Ne5 Ba6 19. f4 c5 20. f5 cxd4 21. Bxd4 Bc5
22. Qc3 Bxd4+ 23. Rxd4 Rxd4 24. Qxd4 Rd8 25. Qc3 exf5 26. Bxf5 Re8 27. b3 Bc8
28. Bxc8 Qxc8 29. Qd4 Qc5 30. Qxc5 bxc5 31. Kf2 Rb8 32. Rb1 Ne4+ 33. Ke3 Nc3
34. Rf1 Rxb3 35. Rxf7 Nb5+ 36. Kf4 Nxa3 37. Kf5 Rb2 38. Ra7 Rxg2 39. Rxa5 Nc2
40. Rxc5 Rxh2 41. Ng6 Rh5+ 0-1

[Event "4NCL Online Division 4"]
[Site "online"]
[Date "2020.09.22"]
[Round "3.122"]
[White "Demjan, Denisz"]
[Black "Podlesak, Mark"]
[Result "0-1"]
[WhiteElo "1262"]
[BlackElo "1735"]
[PlyCount "72"]
[EventDate "2020.09.22"]
[WhiteTeam "Watford Juniors A"]
[BlackTeam "Shropshire 3"]

1. Nf3 Nf6 2. Nc3 g6 3. b3 Bg7 4. Bb2 d5 5. e3 O-O 6. d4 c5 7. Be2 cxd4 8. exd4
Nc6 9. h4 Bf5 10. Ne5 Qa5 11. g4 Be6 12. f4 Nxe5 13. fxe5 Ne4 14. Qd3 Rac8 15.
Kf1 Nxc3 16. Bxc3 Qxc3 17. Qxc3 Rxc3 18. Bd3 Bxg4 19. Rg1 h5 20. Kf2 Kh7 21. a4
f6 22. exf6 Bxf6 23. Ke3 Bxh4 24. Kd2 Rc7 25. Rh1 Bg5+ 26. Ke1 Rc6 27. Rh2 Re6+
28. Be2 Bf4 29. Rg2 Bf3 30. Rf2 Bg3 31. Kf1 Bxf2 32. Kxf2 Rxe2+ 33. Kg3 Bg4 34.
Rf1 Rxf1 35. c4 g5 36. cxd5 Rf3# 0-1

[Event "4NCL Online Division 4"]
[Site "online"]
[Date "2020.09.22"]
[Round "3.123"]
[White "Walker, Kate"]
[Black "Khandelwal, Akshaj"]
[Result "1-0"]
[WhiteElo "1705"]
[BlackElo "1150"]
[PlyCount "89"]
[EventDate "2020.09.22"]
[WhiteTeam "Shropshire 3"]
[BlackTeam "Watford Juniors A"]

1. d4 d5 2. c4 c6 3. Nf3 Bf5 4. Nc3 e6 5. cxd5 cxd5 6. e3 Qa5 7. Bd3 Bxd3 8.
Qxd3 Nc6 9. a3 O-O-O 10. Bd2 Qb6 11. b4 Nf6 12. O-O Bd6 13. Ng5 Rdf8 14. f4 h6
15. Nf3 Re8 16. Ne5 g5 17. Nxf7 Qc7 18. Nxh8 Rxh8 19. Nb5 Qd7 20. Nxd6+ Qxd6
21. Rac1 Kb8 22. Rc2 Ne7 23. Rfc1 Ne4 24. Qb5 Nxd2 25. Rxd2 a6 26. Qe2 Nf5 27.
Rdc2 gxf4 28. Rc7 fxe3 29. Rf7 Nxd4 30. Qxe3 Nf5 31. Qf2 h5 32. Qb2 Qb6+ 33.
Kh1 Rg8 34. Qe5+ Ka7 35. Rcc7 Rb8 36. h3 Nd6 37. Rfe7 Nc4 38. Qxe6 Qxe6 39.
Rxe6 Nb6 40. Rd6 Re8 41. Rh7 Re5 42. Kh2 Nc4 43. Rdd7 a5 44. Rxb7+ Ka6 45. b5#
1-0

[Event "4NCL Online Division 4"]
[Site "online"]
[Date "2020.09.22"]
[Round "3.124"]
[White "George, Seb"]
[Black "Hilditch-Love, Daniel"]
[Result "0-1"]
[WhiteElo "1150"]
[BlackElo "1682"]
[PlyCount "86"]
[EventDate "2020.09.22"]
[WhiteTeam "Watford Juniors A"]
[BlackTeam "Shropshire 3"]

1. g3 d5 2. Bg2 c6 3. d4 Bf5 4. Nf3 e6 5. Nh4 Bg4 6. O-O Be7 7. Nf3 Bxf3 8.
exf3 Nf6 9. b3 O-O 10. c4 Nbd7 11. Nc3 Re8 12. c5 e5 13. b4 exd4 14. Qxd4 a5
15. bxa5 Bxc5 16. Qa4 Rxa5 17. Qb3 Qa8 18. Rb1 Bd4 19. Bd2 Ra3 20. Qb4 Bxc3 21.
Bxc3 c5 22. Qxb7 Qxb7 23. Rxb7 Rxc3 24. a4 Kf8 25. Ra1 Ra8 26. g4 Ke7 27. g5
Ne8 28. Bh3 Rd8 29. a5 Rxf3 30. Re1+ Kd6 31. Bxd7 Rxd7 32. Rb6+ Kc7 33. Rxe8 d4
34. Re5 Rc3 35. Rb5 Kd6 36. f4 Rc7 37. Kf1 Rf3+ 38. Ke2 Rxf4 39. Re8 Rh4 40. a6
Rxh2+ 41. Kd3 Rh3+ 42. Ke4 Re3+ 43. Kf5 Rxe8 0-1

[Event "4NCL Online Division 4"]
[Site "online"]
[Date "2020.09.22"]
[Round "3.131"]
[White "Pentakota, Rajasekhar"]
[Black "Tarling, Ray"]
[Result "1-0"]
[WhiteElo "1997"]
[BlackElo "1922"]
[PlyCount "93"]
[EventDate "2020.09.22"]
[WhiteTeam "Wessex Some Stars C"]
[BlackTeam "Guildford Gatekeepers"]

1. c4 Nf6 2. g3 g6 3. Bg2 Bg7 4. Nf3 d6 5. Nc3 O-O 6. d3 c6 7. O-O e5 8. h3 a5
9. Rb1 Na6 10. a3 Rb8 11. b4 Qc7 12. b5 Nc5 13. Na4 Nxa4 14. Qxa4 cxb5 15. Qxb5
Bd7 16. Qb6 Qxb6 17. Rxb6 Bc6 18. Bd2 Nd7 19. Rbb1 Ra8 20. Ne1 Bxg2 21. Nxg2 b6
22. Ne3 h6 23. Nd5 Rab8 24. Be3 Nc5 25. Rxb6 Rxb6 26. Nxb6 Rb8 27. Bxc5 dxc5
28. Rb1 Bf8 29. Rb5 Bd6 30. Nd7 Rc8 31. Rxa5 Kg7 32. Ra6 Bc7 33. Nxc5 Rb8 34.
Rc6 Ba5 35. Nd7 Rb1+ 36. Kg2 Bc3 37. a4 Ra1 38. Ra6 Ra2 39. Kf3 h5 40. c5 f5
41. c6 e4+ 42. dxe4 fxe4+ 43. Kxe4 Be1 44. Kf3 Rc2 45. Ra7 Rc3+ 46. Kg2 Kh6 47.
c7 1-0